[Event "NED-ch U16/U18 Girls"]
[Site "Almelo"]
[Date "2021.08.02"]
[Round "2"]
[White "Maris, Evi"]
[Black "Cordes, Jule Johanne"]
[Result "1-0"]
[WhiteElo "1232"]
[BlackElo "1790"]
[PlyCount "69"]
[EventDate "2021.08.01"]
[EventType "swiss"]
[EventRounds "7"]
[EventCountry "NED"]
[SourceTitle "EXT 2022"]
[Source "ChessBase"]
[SourceDate "2021.10.06"]
[SourceVersion "1"]
[SourceVersionDate "2021.10.06"]
[SourceQuality "1"]

1. e4 c5 2. Nf3 g6 3. d4 cxd4 4. Qxd4 Nf6 5. e5 Nc6 6. Qc4 d5 7. exd6 Qxd6 8. Nc3 a6 9. Bf4 e5 10. Rd1 Qe7 11. Bg5 Be6 12. Qh4 Bg7 13. Bc4 h6 14. Bxf6 Bxf6 15. Qe4 Bf5 16. Qe2 Nb4 17. Bb3 0-0 18. 0-0 Rad8 19. a3 e4 20. axb4 exf3 21. Qxf3 Rxd1 22. Rxd1 Re8 23. h3 Qxb4 24. g4 Bxc2 25. Bxc2 Qxb2 26. Qxf6 Qxc2 27. Rd7 Qb3 28. Nd5 Rf8 29. Ne7+ Kh7 30. Kg2 Qc4 31. Rd4 Qc2 32. g5 h5 33. Rh4 Qd3 34. Rxh5+ gxh5 35. Qh6# 1-0

[Event "NED-ch U16/U18 Girls"]
[Site "Almelo"]
[Date "2021.08.01"]
[Round "1"]
[White "Van Essen, Marieke"]
[Black "Maris, Evi"]
[Result "0-1"]
[WhiteElo "1610"]
[BlackElo "1232"]
[PlyCount "52"]
[EventDate "2021.08.01"]
[EventType "swiss"]
[EventRounds "7"]
[EventCountry "NED"]
[SourceTitle "EXT 2022"]
[Source "ChessBase"]
[SourceDate "2021.10.06"]
[SourceVersion "1"]
[SourceVersionDate "2021.10.06"]
[SourceQuality "1"]

1. e4 e5 2. Nf3 Nc6 3. Bc4 Bc5 4. Nc3 Nf6 5. d3 h6 6. Be3 Bd4 7. Bxd4 exd4 8. Ne2 d5 9. exd5 Nxd5 10. h3 0-0 11. 0-0 Nf6 12. Bb5 Ne7 13. Nfxd4 a6 14. Bc4 b5 15. Bb3 c5 16. Nf3 Bb7 17. Ng3 Qc7 18. a4 Rad8 19. axb5 axb5 20. Qe1 Bxf3 21. gxf3 Ng6 22. Qe3 c4 23. dxc4 bxc4 24. Ra7 Qc8 25. Ba4 Qxh3 26. Bc6 Nh4 0-1